000 00420nam a22001577a 4500
020 _a9788126543953
040 _cNUST
082 _a620.1 MER
100 _aMeriam, J.L.
_913089
110 _aKraige, L.G.
_991779
245 _aEngineering Mechanics Dynamics
250 _a7th Edition
260 _aNew Delhi:
_bWilley Education
650 _aDEE TEXTBOOK. ENGINEERING MECHANICS DYNAMICS
_991780
942 _2ddc
_cTEXT
999 _c589910
_d589910